Géographie Aléatoire - Statistiques

Statistiques générales
  • Ce quiz a été pris 253 fois
  • Le résultat moyen est 19 sur 35
Statistiques - réponses
Question Réponse % Correct
Continent Le Plus Petit du Monde Océanie
91%
Capitale de La Lettonie Riga
91%
Pays Enclavé Entre L'Espagne et La France Andorre
86%
Île Située au Sud de La Botte d'Italie Sicile
86%
État Le Plus Grand des États Unis Alaska
84%
État le Plus Grand des États-Unis Continentaux Texas
81%
Océan le Plus Grand du Monde Océan Pacifique
79%
Océan Bordant Madagascar Océan Indien
78%
Pays le Plus Petit du Monde Vatican
78%
Deuxième Océan Le Plus Grand du Monde Océan Atlantique
76%
Seul Pays Partageant une Frontière avec Le Canada Hormis les États-Unis Danemark
74%
Plus Long Fleuve de France Loire
73%
Deuxième Plus Long Fleuve d'Europe Danube
71%
Pays Ayant Le Plus Long Littoral au Monde Canada
65%
Deuxième Plus Grand Pays d'Afrique Congo
63%
Pays Semi Enclavé Entre L'Afrique du Sud et le Mozambique Eswatini
63%
Péninsule Ukrainienne Bordant la Mer Noire Devenue Russe en 2014 Crimée
52%
Région La Plus Grande en Superficie de France Nouvelle Aquitaine
52%
2ème Pays Contenant le Plus de Chrétiens au Monde Brésil
51%
Région Française Ayant Une Forme de Bras Bretagne
49%
Détroit entre L'Alaska et le Tchoukotka Portant le Nom d'un Navigateur Russe Détroit de Béring
48%
Fleuve le Plus Long d'Europe La Volga
47%
Seul Pays Frontalier du Royaume-Uni Hormis L'Irlande Espagne
46%
Pays Européen Quasiment Situé sous le Niveau de La Mer Pays Bas
45%
Désert le Plus Grand du Monde Antarctique
44%
Île des Caraïbes Subdivisée en Deux Parties Appartenant à 2 Pays Européens Saint Martin
40%
Lander d'Allemagne qui en Allemand est Nommé Bayern Bavière
38%
Département Français Portant le Nom d'un Fleuve qui Passait avant Par ce Département Qui est Maintenant dans Les Alpes Maritimes Var
36%
Pays ayant le Plus d'îles au Monde Suède
33%
Capitale du Tchad N' Djamena
31%
Seul Pays Bordant La Mer Caspienne et Le Golfe Persique Iran
25%
Volcan Ayant Causée l'une des Plus Grande Catastrophe Naturelle en 1883 Krakatoa
21%
Capitale du Tadjikistan Douchambé
20%
Île La Plus Grande des Trois îles Méditerranéennes Espagne Mallorque
7%
Capitale de L'état de La Floride Tallahasee
3%
Aucun quiz correspondant
Distribution des résultats
% des personnes avec chaque résultat
Percentile par nombre de réponses
Votre historique - résultats
Vous n’avez pas pris ce quiz